000 00682nam a2200193 a 4500
001 000013536
005 20200929163249.0
008 091125s1942 dr r 000 0 spa d
040 _aDO-SdBNP
_bspa
_cBNPHU
082 _a610.8
_bP293c
100 1 _aPastoriza Valverde, Tomás
_930870
245 1 0 _aCrónicas científicas y otros ensayos /
_cTomás Pastoriza Valverde.
260 _aSantiago de los Caballeros, República Dominicana :
_bEl Diario,
_c1942.
300 _a225 p. ;
_c22 cm.
500 _aIncluye notas al pie de las páginas
590 _aInventariado, 2018/MFF
650 4 _aMedicina
_vENSAYOS, CONFERENCIAS, ETC.
_919664
910 _aValidado. Control de calidad MFF
999 _c13159
_d13159